00370 2200157 4500001002100000005001500021035002000036245005100056100001700107250000600124300001200130260003600142082000800178084001400186990001200200INLIS00000000000253720250604121355 a0010-06250001231 aMencari Tuhan Yang Hilang /cUst. Yusuf Mansur0 aYusuf Mansur a1 a368 hlm bZikrul Media Intelektual,c2006 a200 a200 YUS m a0712321